000 00506nam a2200217Ia 4500
005 20250425162759.0
008 250425s9999 xx 000 0 und d
020 _a8432004510
041 _aspa
043 _asp
082 _a330.03
110 _aPLANETA
245 0 _aECONOMIA: DICCIONARIO ENCICLOPEDICO CONT-DUV 3
250 _a1A ED.
260 _aBARCELONA
260 _aEspaƱa
_bPLANETA
_c1980
300 _a525
650 _aDICCIONARIOS DE ECONOMIA
942 _c01
010 _a108319
999 _c236313
_d236313